[Event "NED-chT 2122"]
[Site "Netherlands"]
[Date "2022.02.05"]
[Round "6.10"]
[White "Kollen, Zyon"]
[Black "Vedder, Henk"]
[Result "1-0"]
[WhiteElo "2347"]
[BlackElo "2344"]
[PlyCount "49"]
[EventDate "2021.09.18"]
[EventType "team-tourn"]
[EventRounds "9"]
[EventCountry "NED"]
[SourceTitle "EXT 2023"]
[Source "ChessBase"]
[SourceDate "2022.10.05"]
[SourceVersion "1"]
[SourceVersionDate "2022.10.05"]
[SourceQuality "1"]
[WhiteTeam "Charlois Europoort"]
[BlackTeam "En Passant"]
[WhiteTeamCountry "NED"]
[BlackTeamCountry "NED"]

1. e4 e6 2. d4 d5 3. Nc3 Bb4 4. e5 Ne7 5. a3 Bxc3+ 6. bxc3 b6 7. Qg4 Ng6 8. h4 h5 9. Qg3 Ba6 10. Ne2 Kf8 11. a4 Qd7 12. a5 Ne7 13. Qg5 c5 14. axb6 axb6 15. Nf4 g6 16. Qf6 Rg8 17. Bb5 Nec6 18. Nxg6+ Rxg6 19. Qh8+ Ke7 20. Bg5+ Rxg5 21. Qf6+ Ke8 22. hxg5 Qe7 23. Rxh5 cxd4 24. Rh8+ Kd7 25. Bxc6+ 1-0

[Event "NED-chT 2122"]
[Site "Netherlands"]
[Date "2021.09.18"]
[Round "1.8"]
[White "Vedder, Henk"]
[Black "Van Delft, Merijn"]
[Result "1/2-1/2"]
[WhiteElo "2344"]
[BlackElo "2385"]
[PlyCount "102"]
[EventDate "2021.09.18"]
[EventType "team-tourn"]
[EventRounds "9"]
[EventCountry "NED"]
[SourceTitle "EXT 2023"]
[Source "ChessBase"]
[SourceDate "2022.10.05"]
[SourceVersion "1"]
[SourceVersionDate "2022.10.05"]
[SourceQuality "1"]
[WhiteTeam "En Passant"]
[BlackTeam "Apeldoorn Amevo"]
[WhiteTeamCountry "NED"]
[BlackTeamCountry "NED"]

1. e4 c5 2. Nf3 d6 3. Bb5+ Nd7 4. d4 cxd4 5. Qxd4 a6 6. Bxd7+ Bxd7 7. 0-0 Rc8 8. Nc3 e6 9. Bg5 f6 10. Bd2 Qc7 11. Rfd1 Ne7 12. Be1 Nc6 13. Qe3 Ne5 14. b3 Nxf3+ 15. Qxf3 Be7 16. Rac1 0-0 17. Ne2 b5 18. Nd4 Qc5 19. Qg4 h5 20. Qg6 Bd8 21. c4 Bb6 22. b4 Qc7 23. c5 dxc5 24. bxc5 Ba7 25. Qxh5 Qb7 26. Nb3 e5 27. Qe2 Be6 28. Bb4 Rfe8 29. Na5 Qc7 30. Rc3 Red8 31. Rd6 Rxd6 32. cxd6 Qb6 33. Rxc8+ Bxc8 34. Nb3 Qc6 35. Qd3 Be6 36. h4 Kf7 37. g3 Ke8 38. a3 Kd7 39. Na5 Qc1+ 40. Kg2 Qb2 41. Qf3 Qc2 42. h5 Qc1 43. Nb3 Qg5 44. Qc3 Bc4 45. Na5 Qg4 46. f3 Qe6 47. Nxc4 Qxc4 48. Qd2 Qd4 49. Qa2 Qc4 50. Qd2 Qd4 51. Qa2 Qc4 1/2-1/2

[Event "NED-chT 1920"]
[Site "Netherlands"]
[Date "2020.02.01"]
[Round "5.4"]
[White "Vedder, Henk"]
[Black "Nikolic, Predrag"]
[Result "1/2-1/2"]
[WhiteElo "2337"]
[BlackElo "2580"]
[PlyCount "130"]
[EventDate "2019.09.28"]
[EventType "team-tourn"]
[EventRounds "9"]
[EventCountry "NED"]
[SourceTitle "CBM 195 Extra"]
[Source "ChessBase"]
[SourceDate "2020.05.31"]
[SourceVersion "1"]
[SourceVersionDate "2020.05.31"]
[SourceQuality "1"]
[WhiteTeam "En Passant"]
[BlackTeam "Leiden LSG"]
[WhiteTeamCountry "NED"]
[BlackTeamCountry "NED"]

1. e4 e6 2. d4 d5 3. Nc3 Bb4 4. Qd3 dxe4 5. Qxe4 Nf6 6. Qh4 Nc6 7. Nf3 Nd5 8. Qxd8+ Nxd8 9. Bd2 Nxc3 10. bxc3 Ba5 11. Bd3 f6 12. 0-0 Bd7 13. Rfe1 0-0 14. Rab1 Rc8 15. Be4 b6 16. Bd3 Nf7 17. Ba6 Rcd8 18. Bf4 Bxc3 19. Re3 Bxd4 20. Nxd4 e5 21. Bc4 Rfe8 22. Ra3 a5 23. Nb5 exf4 24. Nxc7 Rf8 25. Nd5 a4 26. Rd3 b5 27. Bxb5 Ne5 28. Rdd1 Bxb5 29. Rxb5 Rd7 30. Re1 f3 31. Ne3 Rd4 32. Reb1 Rfd8 33. Rb8 Rxb8 34. Rxb8+ Kf7 35. Rb7+ Kf8 36. gxf3 Nxf3+ 37. Kg2 Nh4+ 38. Kg3 g5 39. Rb5 Rf4 40. Nd5 Rf3+ 41. Kg4 Rxf2 42. Nxf6 Rxf6 43. Kxg5 Rf2 44. Kxh4 Rxh2+ 45. Kg3 Rxc2 46. Rb4 Rxa2 47. Rc4 a3 48. Rc3 Kf7 49. Rb3 Ke6 50. Kh3 Kd5 51. Rf3 h5 52. Re3 Ra1 53. Kg2 h4 54. Rf3 Ke4 55. Rb3 Kd4 56. Rf3 Kc4 57. Rf4+ Kd3 58. Rf3+ Kd4 59. Rf4+ Ke3 60. Rf3+ Ke4 61. Rb3 h3+ 62. Kh2 Kd4 63. Rxh3 Ra2+ 64. Kg1 Kc4 65. Rf3 Kb4 1/2-1/2

[Event "NED-chT 1920"]
[Site "Netherlands"]
[Date "2019.12.14"]
[Round "4.4"]
[White "De Schampheleire, Glen"]
[Black "Vedder, Henk"]
[Result "1/2-1/2"]
[WhiteElo "2387"]
[BlackElo "2337"]
[PlyCount "84"]
[EventDate "2019.09.28"]
[EventType "team-tourn"]
[EventRounds "9"]
[EventCountry "NED"]
[SourceTitle "CBM 193 Extra"]
[Source "ChessBase"]
[SourceDate "2020.01.31"]
[SourceVersion "1"]
[SourceVersionDate "2020.01.31"]
[SourceQuality "1"]
[WhiteTeam "Sas van Gent"]
[BlackTeam "En Passant"]
[WhiteTeamCountry "NED"]
[BlackTeamCountry "NED"]

1. d4 e6 2. c4 Bb4+ 3. Bd2 Bxd2+ 4. Qxd2 d5 5. g3 dxc4 6. Bg2 Nc6 7. e3 Nge7 8. Na3 Rb8 9. Nxc4 b5 10. Na5 Nxa5 11. Qxa5 Qd6 12. Rc1 Rb6 13. Ne2 Bb7 14. Bxb7 Rxb7 15. Rc5 0-0 16. 0-0 c6 17. Rfc1 Qd8 18. Qd2 Rd7 19. Nf4 Qb6 20. Qc2 Rfd8 21. h4 Rd6 22. h5 h6 23. Qe4 Nd5 24. Nd3 Nf6 25. Qf3 Qa5 26. a3 Nd7 27. Rxc6 Rxc6 28. Qxc6 Nb6 29. Rc5 Qd2 30. Qxb5 Nd5 31. Nf4 Nxf4 32. gxf4 Qd1+ 33. Qf1 Qb3 34. Qc1 Qb7 35. b4 Qf3 36. Qc2 f5 37. Qb3 Kh7 38. Qc4 Qg4+ 39. Kf1 Qd1+ 40. Kg2 Qg4+ 41. Kf1 Qd1+ 42. Kg2 Qg4+ 1/2-1/2

[Event "NED-chT 1920"]
[Site "Netherlands"]
[Date "2019.11.02"]
[Round "2.1"]
[White "Van der Stricht, Geert"]
[Black "Vedder, Henk"]
[Result "1/2-1/2"]
[WhiteElo "2373"]
[BlackElo "2337"]
[PlyCount "81"]
[EventDate "2019.09.28"]
[EventType "team-tourn"]
[EventRounds "9"]
[EventCountry "NED"]
[SourceTitle "CBM 193 Extra"]
[Source "ChessBase"]
[SourceDate "2020.01.31"]
[SourceVersion "1"]
[SourceVersionDate "2020.01.31"]
[SourceQuality "1"]
[WhiteTeam "Den Bosch HMC"]
[BlackTeam "En Passant"]
[WhiteTeamCountry "NED"]
[BlackTeamCountry "NED"]

1. d4 e6 2. c4 f5 3. g3 Nf6 4. Bg2 d5 5. Nf3 c6 6. 0-0 Bd6 7. Nc3 Qe7 8. Qc2 0-0 9. Rb1 Ne4 10. c5 Bc7 11. Bf4 Bxf4 12. gxf4 b6 13. b4 Ba6 14. Ne5 Nxc3 15. Qxc3 Bxe2 16. Rfe1 Bb5 17. Qb3 Nd7 18. a4 Nxe5 19. axb5 Ng6 20. Qg3 Qf6 21. bxc6 Qxd4 22. cxb6 axb6 23. Rxe6 Nxf4 24. Re7 Rf7 25. Qe3 Qxe3 26. Rxe3 Rf6 27. Rf3 Nxg2 28. Kxg2 Rg6+ 29. Kf1 Rxc6 30. Rxf5 Rd6 31. Ke2 g6 32. Rf4 Kg7 33. Rc1 Ra7 34. Kd3 g5 35. Rg1 Rg6 36. Rf5 Ra3+ 37. Kc2 Rh3 38. Rg2 Rh4 39. Kb3 h6 40. Rxd5 Rf6 41. Ka4 1/2-1/2

[Event "Spakenburg FishPartners op"]
[Site "Spakenburg"]
[Date "2019.06.29"]
[Round "5"]
[White "Vedder, Henk"]
[Black "Van Foreest, Lucas"]
[Result "0-1"]
[WhiteElo "2337"]
[BlackElo "2522"]
[PlyCount "112"]
[EventDate "2019.06.29"]
[EventType "swiss (rapid)"]
[EventRounds "7"]
[EventCountry "NED"]
[SourceTitle "CBM 191 Extra"]
[Source "ChessBase"]
[SourceDate "2019.09.30"]
[SourceVersion "1"]
[SourceVersionDate "2019.09.30"]
[SourceQuality "1"]

1. e4 e5 2. Nf3 Nc6 3. d4 exd4 4. Nxd4 Bc5 5. Nb3 Bb6 6. Nc3 Nf6 7. a4 a5 8. Bd3 0-0 9. 0-0 d6 10. Bg5 h6 11. Bh4 g5 12. Bg3 h5 13. h4 Ng4 14. hxg5 Qxg5 15. Qc1 Qxc1 16. Raxc1 Be6 17. Nd5 Bxd5 18. exd5 Nce5 19. Be2 Ng6 20. c4 f5 21. c5 dxc5 22. Nxc5 f4 23. Bh2 Rae8 24. Bb5 c6 25. dxc6 bxc6 26. Bc4+ Kg7 27. Nd7 Bd4 28. Nxf8 Rxf8 29. Rcd1 c5 30. Rd2 Nh4 31. Re1 f3 32. Bd6 Rd8 33. Re7+ Kf6 34. Re6+ Kf5 35. g3 Ng6 36. Kf1 Nh2+ 37. Ke1 Ng4 38. Kf1 N6e5 39. Bxe5 Nxe5 40. Rxe5+ Kxe5 41. b3 h4 42. gxh4 Rh8 43. Rd3 Ke4 44. Bb5 Rxh4 45. Ke1 Rh2 46. Kd1 Bxf2 47. Rd2 Rh1+ 48. Kc2 Bd4 49. Bc6+ Kf4 50. Kd3 Rh3 51. Rd1 f2+ 52. Ke2 Rxb3 53. Bb5 Rc3 54. Kf1 Ke3 55. Kg2 Rc2 56. Rf1 c4 0-1

[Event "NED-chT 1819"]
[Site "Netherlands"]
[Date "2018.12.15"]
[Round "5.6"]
[White "Seel, Christian"]
[Black "Vedder, Henk"]
[Result "1-0"]
[WhiteElo "2486"]
[BlackElo "2333"]
[PlyCount "147"]
[EventDate "2018.09.15"]
[EventType "team-tourn"]
[EventRounds "9"]
[EventCountry "NED"]
[SourceTitle "CBM 187 Extra"]
[Source "ChessBase"]
[SourceDate "2018.11.04"]
[SourceVersion "1"]
[SourceVersionDate "2018.11.04"]
[SourceQuality "1"]
[WhiteTeam "Zuid Limburg"]
[BlackTeam "En Passant"]
[WhiteTeamCountry "NED"]
[BlackTeamCountry "NED"]

1. Nf3 d5 2. d4 Nf6 3. c4 e6 4. Nc3 c5 5. cxd5 cxd4 6. Qxd4 Nxd5 7. e4 Nxc3 8. Qxc3 Nc6 9. a3 Bd7 10. Be3 Be7 11. Rd1 0-0 12. Bb5 Qc8 13. 0-0 a6 14. Be2 b5 15. Qd3 Be8 16. e5 f5 17. exf6 Bxf6 18. b4 Ne7 19. Bc5 Rf7 20. Nd4 e5 21. Nc2 Ng6 22. Ne3 Nf4 23. Qc2 Nxe2+ 24. Qxe2 Bc6 25. Qh5 g6 26. Qg4 e4 27. Qg3 Bg7 28. Bd4 Qf8 29. Bxg7 Qxg7 30. Rd6 Bb7 31. Ng4 Re8 32. h4 Kh8 33. Rfd1 Bc8 34. Rd8 Rff8 35. Rxe8 Rxe8 36. Ne3 Qc3 37. Qd6 Qg7 38. Rc1 Qd7 39. Qf6+ Kg8 40. Qb6 Rf8 41. Qc7 Qd2 42. Rc2 Qe1+ 43. Kh2 Qa1 44. Qe7 Qg7 45. Qxg7+ Kxg7 46. Rc7+ Kf6 47. Rxh7 Ke5 48. Kg3 Kd4 49. Rc7 Kd3 50. Nd5 Bf5 51. Nf4+ Kd2 52. Rc6 a5 53. bxa5 Rd8 54. a6 Rd4 55. Nxg6 Ra4 56. h5 e3 57. fxe3 Kxe3 58. Rc3+ Kd2 59. Rb3 Rxa6 60. Rxb5 Rxa3+ 61. Kf4 Bd3 62. Re5 Be2 63. g4 Ra4+ 64. Re4 Ra5 65. Ne5 Ra8 66. Nf3+ Kd1 67. Rd4+ Kc1 68. Ke3 Bd1 69. Rc4+ Kb2 70. Ne5 Rh8 71. Kf4 Kb3 72. Rc7 Be2 73. Kg5 Rg8+ 74. Ng6 1-0

[Event "EU-Cup 34th"]
[Site "Porto Carras"]
[Date "2018.10.17"]
[Round "6.1"]
[White "Kalaitzoglou, Panayotis"]
[Black "Vedder, Henk"]
[Result "0-1"]
[WhiteElo "2071"]
[BlackElo "2336"]
[PlyCount "88"]
[EventDate "2018.10.12"]
[EventType "team-swiss"]
[EventRounds "7"]
[EventCountry "GRE"]
[SourceTitle "CBM 187"]
[Source "ChessBase"]
[SourceDate "2018.12.11"]
[SourceVersion "1"]
[SourceVersionDate "2018.12.11"]
[SourceQuality "1"]
[WhiteTeam "Chania Kaissa"]
[BlackTeam "En Passant"]
[WhiteTeamCountry "GRE"]
[BlackTeamCountry "NED"]

1. e4 e6 2. d4 d5 3. Nc3 Bb4 4. e5 c5 5. a3 Bxc3+ 6. bxc3 Qa5 7. Bd2 Qa4 8. Qg4 g6 9. Bd3 c4 10. Be2 Qxc2 11. Nf3 Bd7 12. a4 Bc6 13. Ng5 h6 14. Qh4 Nd7 15. Rc1 Qb2 16. Be3 Kf8 17. Bd1 Kg7 18. Nh3 Qa3 19. 0-0 Bxa4 20. Be2 Qe7 21. Qg3 Qd8 22. Nf4 Ne7 23. Bd2 Nf5 24. Qf3 h5 25. Nh3 f6 26. exf6+ Qxf6 27. Bg5 Qf7 28. Nf4 Nf6 29. Rfe1 Ne4 30. h4 Bd7 31. Bd1 Nfd6 32. Bc2 Rhf8 33. Rxe4 dxe4 34. Bxe4 Rae8 35. Qe3 Nf5 36. Qd2 Bc6 37. Bc2 e5 38. d5 Bd7 39. Nh3 Kg8 40. Be4 Nd6 41. Bc2 Bxh3 42. gxh3 Kh7 43. Re1 e4 44. Qd4 Nb5 0-1

[Event "EU-Cup 34th"]
[Site "Porto Carras"]
[Date "2018.10.16"]
[Round "5.1"]
[White "Vedder, Henk"]
[Black "Papadopoulos, Argirios"]
[Result "1-0"]
[WhiteElo "2336"]
[BlackElo "2213"]
[PlyCount "63"]
[EventDate "2018.10.12"]
[EventType "team-swiss"]
[EventRounds "7"]
[EventCountry "GRE"]
[SourceTitle "CBM 187"]
[Source "ChessBase"]
[SourceDate "2018.12.11"]
[SourceVersion "1"]
[SourceVersionDate "2018.12.11"]
[SourceQuality "1"]
[WhiteTeam "En Passant"]
[BlackTeam "Chania Chess Academy"]
[WhiteTeamCountry "NED"]
[BlackTeamCountry "GRE"]

1. d4 Nf6 2. Nc3 c5 3. d5 e6 4. e4 exd5 5. exd5 d6 6. Nf3 Be7 7. Be2 0-0 8. 0-0 Re8 9. Nd2 Na6 10. Nc4 Nc7 11. a4 b6 12. Re1 Rb8 13. Bf4 a6 14. Bf3 b5 15. axb5 axb5 16. Na5 Bd7 17. Nc6 Bxc6 18. dxc6 Ne6 19. Bg3 Nd4 20. Nd5 Nxd5 21. Bxd5 Qc7 22. b4 Bf8 23. bxc5 Nxc6 24. Rxe8 Rxe8 25. cxd6 Qd7 26. Bxc6 Qxc6 27. d7 Rd8 28. Ra7 Bc5 29. Rc7 Qb6 30. Rc8 Bf8 31. Rxd8 Qxd8 32. Bc7 1-0

[Event "EU-Cup 34th"]
[Site "Porto Carras"]
[Date "2018.10.13"]
[Round "2.1"]
[White "Noe, Christopher"]
[Black "Vedder, Henk"]
[Result "1/2-1/2"]
[WhiteElo "2530"]
[BlackElo "2336"]
[PlyCount "105"]
[EventDate "2018.10.12"]
[EventType "team-swiss"]
[EventRounds "7"]
[EventCountry "GRE"]
[SourceTitle "CBM 187"]
[Source "ChessBase"]
[SourceDate "2018.12.11"]
[SourceVersion "1"]
[SourceVersionDate "2018.12.11"]
[SourceQuality "1"]
[WhiteTeam "Echternach Sprenger"]
[BlackTeam "En Passant"]
[WhiteTeamCountry "LUX"]
[BlackTeamCountry "NED"]

1. d4 e6 2. c4 f5 3. Nc3 Nf6 4. g3 d5 5. Bg2 c6 6. Nf3 Bd6 7. Bf4 Bxf4 8. gxf4 0-0 9. e3 Nbd7 10. Qc2 b6 11. Ne5 Nxe5 12. dxe5 Ne4 13. Bxe4 fxe4 14. h4 Ba6 15. 0-0-0 Qe7 16. h5 b5 17. Rhg1 bxc4 18. Rg3 Rab8 19. Rdg1 Rf7 20. f3 exf3 21. Rxf3 Kh8 22. Rfg3 c5 23. Rg6 Bb7 24. Nb5 Qh4 25. Nd6 Re7 26. R6g4 Qh3 27. R4g3 Qxh5 28. Qg2 d4 29. e4 Qh6 30. Rg5 g6 31. Rh1 Qf8 32. Rh4 c3 33. bxc3 Ba6 34. c4 Qd8 35. Rh3 Qa5 36. Qf2 Bxc4 37. Nxc4 Reb7 38. Rxh7+ Kxh7 39. Qh4+ Kg7 40. Rxg6+ Kxg6 41. Qg5+ Kh7 42. Qh5+ Kg7 43. Nxa5 Rb1+ 44. Kc2 R8b2+ 45. Kd3 Rc1 46. Qg5+ Kh7 47. Qe7+ Kh8 48. Qf6+ Kh7 49. Qf7+ Kh8 50. Qh5+ Kg7 51. Qg5+ Kh7 52. Qh5+ Kg7 53. Qg5+ 1/2-1/2

[Event "NED-chT 1718"]
[Site "Netherlands"]
[Date "2018.03.10"]
[Round "7.1"]
[White "Vedder, Henk"]
[Black "Van der Werf, Mark"]
[Result "1/2-1/2"]
[WhiteElo "2348"]
[BlackElo "2400"]
[PlyCount "63"]
[EventDate "2017.09.16"]
[EventType "team-tourn"]
[EventRounds "9"]
[EventCountry "NED"]
[SourceTitle "EXT 2019"]
[Source "ChessBase"]
[SourceDate "2018.10.10"]
[SourceVersion "1"]
[SourceVersionDate "2018.10.10"]
[SourceQuality "1"]
[WhiteTeam "En Passant"]
[BlackTeam "Leiden LSG"]
[WhiteTeamCountry "NED"]
[BlackTeamCountry "NED"]

1. e4 d6 2. d4 Nf6 3. Nc3 g6 4. Nf3 Bg7 5. Be2 0-0 6. 0-0 c5 7. b3 Nc6 8. Bb2 Bg4 9. d5 Bxf3 10. Bxf3 Nd4 11. g3 Nd7 12. Bg2 b5 13. Qd2 b4 14. Nd1 a5 15. a4 bxa3 16. Rxa3 Qb6 17. Ne3 Qb5 18. Nc4 Nb6 19. Bxd4 Bxd4 20. c3 Bg7 21. Nxb6 Qxb6 22. Rfa1 f5 23. exf5 Rxf5 24. Be4 Rf7 25. Kg2 Rb8 26. Rxa5 Rbf8 27. f3 Qxb3 28. R1a3 Qb6 29. Ra6 Qb5 30. R6a5 Qb6 31. Ra6 Qb5 32. R6a5 1/2-1/2

[Event "Vlissingen HZ op 21st"]
[Site "Vlissingen"]
[Date "2017.08.05"]
[Round "1"]
[White "Vedder, Henk"]
[Black "Cuypers, Dries"]
[Result "1-0"]
[WhiteElo "2340"]
[BlackElo "1847"]
[PlyCount "49"]
[EventDate "2017.08.05"]
[EventType "swiss"]
[EventRounds "9"]
[EventCountry "NED"]
[SourceTitle "CBM 179 Extra"]
[Source "ChessBase"]
[SourceDate "2017.08.23"]
[SourceVersion "1"]
[SourceVersionDate "2017.08.23"]
[SourceQuality "1"]

1. e4 c5 2. Nf3 Nf6 3. Nc3 Nc6 4. Bb5 Qc7 5. 0-0 e6 6. Re1 d6 7. d4 cxd4 8. Qxd4 Bd7 9. Bxc6 Bxc6 10. Nd5 Qd8 11. Bg5 Be7 12. Nxe7 Qxe7 13. Rad1 Rd8 14. Qxa7 h6 15. Bxf6 Qxf6 16. Nd4 0-0 17. Qb6 Rb8 18. b3 Rfc8 19. c4 Be8 20. Qxd6 Rd8 21. Qg3 Ra8 22. e5 Qe7 23. a4 Qb4 24. Nc2 Qc5 25. Ne3 1-0

[Event "NED-chT 1617"]
[Site "Netherlands"]
[Date "2017.04.01"]
[Round "8.5"]
[White "Van Haastert, Edwin"]
[Black "Vedder, Henk"]
[Result "1-0"]
[WhiteElo "2447"]
[BlackElo "2374"]
[PlyCount "55"]
[EventDate "2016.09.17"]
[EventType "team-tourn"]
[EventRounds "9"]
[EventCountry "NED"]
[SourceTitle "EXT 2018"]
[Source "ChessBase"]
[SourceDate "2017.10.13"]
[SourceVersion "1"]
[SourceVersionDate "2017.10.13"]
[SourceQuality "1"]
[WhiteTeam "Leiden LSG"]
[BlackTeam "En Passant"]
[WhiteTeamCountry "NED"]
[BlackTeamCountry "NED"]

1. e4 e6 2. d4 d5 3. Nc3 Nf6 4. e5 Nfd7 5. f4 c5 6. Nf3 Nc6 7. Be3 Qb6 8. Na4 Qa5+ 9. c3 b6 10. Bd2 c4 11. b4 Qa6 12. Be2 b5 13. Nc5 Bxc5 14. dxc5 Qa3 15. Qc2 0-0 16. Ng5 g6 17. h4 d4 18. h5 Nxb4 19. cxb4 Qg3+ 20. Kf1 d3 21. Qd1 dxe2+ 22. Qxe2 Qd3 23. hxg6 hxg6 24. Qxd3 cxd3 25. Nh7 Rd8 26. c6 Nb6 27. Nf6+ Kf8 28. c7 1-0